| 000 | 00454nam a2200169 a 4500 | ||
|---|---|---|---|
| 001 | 2825 | ||
| 005 | 20140414131955.0 | ||
| 008 | 051021s19uu xx 00 eng d | ||
| 020 | _a0-15-320684-5 | ||
| 050 |
_aTR 372.7 _bMa42 G1 |
||
| 245 | _aHarcourt math: assessment guide, grade 1. | ||
| 260 |
_aOrlando : _bHarcourt . |
||
| 300 | _aiii, 245 p. ; cm. | ||
| 440 | _aHarcourt Math. | ||
| 650 |
_aMathematics _xJuvenile literature. |
||
| 999 |
_c112889 _d112889 |
||